| 000 | 00476nam a2200181Ia 4500 | ||
|---|---|---|---|
| 003 | LK-CoDNM | ||
| 008 | 010623t2005 xxu||||| |||| 00| 1 eng d | ||
| 040 |
_aLK-CoDNM _dLK-CoDNM _eLK-CoDNM |
||
| 041 | _aeng | ||
| 080 |
_a396 _bFON |
||
| 100 | _aAbaysekara, Asha | ||
| 245 | _aGender Conflict Transformation | ||
| 260 |
_bNational peace council of Sri Lanka _aColombo _c2005 |
||
| 300 | _b(vi)81, 30 cm | ||
| 650 | _aGender | ||
| 700 | _aFonseka, Dilrukshi | ||
| 942 | _cBK | ||
| 999 |
_c124349 _d124349 |
||